00333 a2200121 450000100060000010000150000624500250002126000220004609000170006894200230008599900190010895200840012742111 aHayes, L D aPolitics in Pakistan abWehster Pressc c26113d26113 aNUST-CAEcMc17907 c277184d277184 001040708NFICaCAEbCAEd2017-04-03l0pCAE42861r2017-04-05w2017-04-05yBK